| 000 | 004060000a22001690004500 | ||
|---|---|---|---|
| 003 | MACL | ||
| 005 | 20150825154034.0 | ||
| 008 | 150825b xxu||||| |||| 00| 0 eng d | ||
| 040 |
_aMACL _cMACL |
||
| 041 | _aEnglish | ||
| 082 | _a700/SMI | ||
| 100 |
_aSmith, Edward Lucie _97393 |
||
| 245 | _aCensoring The Body | ||
| 260 |
_bSeagull Books _c2007 _aCalcutta |
||
| 650 |
_aArts _97394 |
||
| 942 |
_cBK _k700 _2ddc |
||
| 999 |
_c8124 _d8124 |
||